[Event "Druzynowe Mistrzostwa Polski - II liga"]
[Site "Sypniewo k. Jastrowia"]
[Date "1899-12-30"]
[Round "7.43"]
[White "Osinski, Emil"]
[Black "Piotrowski, Przemyslaw"]
[Result "1/2-1/2"]
[WhiteTitle "k"]
[BlackTitle "FM"]
[WhiteElo "2171"]
[BlackElo "2256"]

1. e4 c5 2. Nf3 Nc6 3. d4 cxd4 4. Nxd4 Nf6 5. Nc3 d6 6. Bg5 e6 7. Qd2 a6 8. O-O-O
Bd7 9. f4 b5 10. Bxf6 gxf6 11. Nxc6 Bxc6 12. Qe2 Be7 13. a3 Qb6 14. f5 Qc5 15.
g3 a5 16. Nxb5 Bd7 17. Nd4 e5 18. Nb3 Qa7 19. Rd5 a4 20. Ra5 Qb7 21. Rxa8+ Qxa8
22. Nd2 Bxf5 23. Bg2 Be6 24. Qb5+ Bd7 25. Qb6 O-O 26. Qc7 Qc8 27. Qxc8 Rxc8 28.
Rf1 Bd8 29. Rf3 Kf8 30. Nb1 f5 31. exf5 d5 32. g4 Bg5+ 33. Kd1 e4 34. Rc3 Rb8
35. b4 Ke7 36. Rc5 Kd6 37. c4 dxc4 38. Nc3 Be3 39. Rxc4 Bc6 40. Bxe4 Bb5 41. Nxb5+
Rxb5 42. Ke2 Bg1 43. h3 Rb8 44. Kf3 Ke5 45. Rc1 Bd4 46. Bc6 Bb2 47. Re1+ Kd6 48.
b5 Bxa3 49. Ra1 Bc5 50. Rxa4 h6 51. Kf4 Kc7 52. Rc4 Bd6+ 53. Kf3 f6 54. Be8+ Kd8
55. Rd4 Kc7 56. Bc6 Rd8 57. h4 Rg8 58. Re4 Be5 59. Ra4 Rd8 60. Ra7+ Kb6 61. Rh7
Rd3+ 62. Ke2 Rd4 63. Rxh6 Rxg4 64. h5 Rf4 65. Bd7 Re4+ 66. Kf3 Rf4+ 67. Ke3 Rd4
68. Rh7 Kc5 69. Be8 Rf4 70. Bd7 Rh4 71. Be8 Bf4+ 72. Kf3 Bg5 73. Rg7 Rf4+ 74.
Kg3 Rxf5 75. Rc7+ Kb6 76. Rc6+ Kb7 77. Re6 Rc5 78. Bc6+ Kb6 79. Kg4 Ka5 80. Re1
Bh6 81. Ra1+ Kb6 82. Ra6+ Kc7 83. Be8 Rg5+ 84. Kh4 Re5 85. Bc6 Bg5+ 86. Kg4 Bh6
87. Ra7+ Kb6 88. Rf7 Rg5+ 89. Kh4 Rc5 90. Rb7+ Ka5 91. Rh7 Rc4+ 92. Kg3 Bg5 93.
h6 Rh4 94. Ra7+ Kb6 95. Rb7+ Kc5 96. h7 f5 97. Rf7 Kd6 98. Rxf5 Be7 99. Rf7 Rh6
100. Be4 Ke6 101. Rg7 Bf6 102. Rg6 Rxg6+ 103. Bxg6 Ke7 104. Kf4 Kf8 105. Kf5 Bd4
106. b6 Kg7 107. b7 Ba7 1/2-1/2

[Event "Druzynowe Mistrzostwa Polski - II liga"]
[Site "Sypniewo k. Jastrowia"]
[Date "1899-12-30"]
[Round "7.44"]
[White "Szczepaniak, Lukasz"]
[Black "Bes, Michal"]
[Result "1-0"]
[WhiteTitle "k++"]
[BlackTitle "k"]
[WhiteElo "2202"]
[BlackElo "2130"]

1. e4 e5 2. Nf3 Nc6 3. Bc4 Nf6 4. d3 Be7 5. c3 O-O 6. Bb3 d6 7. Nbd2 Na5 8. Bc2
c5 9. Nf1 Nc6 10. Ng3 h6 11. O-O Nh7 12. Qe2 Ng5 13. Nxg5 Bxg5 14. f4 Bxf4 15.
Bxf4 exf4 16. Rxf4 Be6 17. Nf5 Bxf5 18. Rxf5 Qd7 19. Raf1 Rae8 20. Bb3 Nd8 21.
Qg4 Re5 22. Rxf7 Qxg4 23. Rxf8+ Kh7 24. Bg8+ Kg6 25. Rxd8 Qe2 26. Rxd6+ Kg5 27.
Bf7 Qe3+ 28. Kh1 Kh4 29. Rf4+ Qxf4 30. g3+ Qxg3 31. hxg3+ Kxg3 32. Rg6+ Kf2 33.
Rxg7 c4 34. Rg2+ Kf1 35. Bxc4 Rh5+ 36. Rh2 Rg5 37. d4+ 1-0

[Event "Druzynowe Mistrzostwa Polski - II liga"]
[Site "Sypniewo k. Jastrowia"]
[Date "1899-12-30"]
[Round "7.45"]
[White "Walentukiewicz, Michal"]
[Black "Zareba, Radoslaw"]
[Result "1/2-1/2"]
[WhiteTitle "CM"]
[BlackTitle "k"]
[WhiteElo "2066"]
[BlackElo "2102"]

1. e4 d6 2. d4 g6 3. Nc3 Bg7 4. Be3 c6 5. Qd2 b5 6. f3 Nd7 7. h4 h5 8. Nh3 Ngf6
9. Nf2 a5 10. O-O-O b4 11. Nb1 Qc7 12. Be2 Ba6 13. Bxa6 Rxa6 14. g4 Nb6 15. Qe2
Ra8 16. g5 Nfd7 17. f4 c5 18. Rhe1 1/2-1/2

[Event "Druzynowe Mistrzostwa Polski - II liga"]
[Site "Sypniewo k. Jastrowia"]
[Date "1899-12-30"]
[Round "7.46"]
[White "Suliborski, Jakub"]
[Black "Bienias, Piotr"]
[Result "1-0"]
[WhiteTitle "k"]
[BlackTitle "I++"]
[WhiteElo "2159"]
[BlackElo "1898"]

1. e4 c5 2. Nf3 Nc6 3. c4 e5 4. Nc3 g6 5. d3 d6 6. h4 h6 7. Be2 Bg7 8. h5 g5 9.
Nh2 a6 10. Bg4 Rb8 11. a4 Nd4 12. Be3 Ne7 13. O-O f5 14. exf5 Nexf5 15. Rb1 O-O
16. Re1 Be6 17. Nf1 b5 18. axb5 axb5 19. Bxd4 cxd4 20. Nxb5 Qf6 21. Qe2 Rf7 22.
Nd2 d5 23. b3 Kh8 24. Rf1 Bc8 25. Ra1 Qb6 26. Na3 Bb7 27. cxd5 Bxd5 28. Nac4 Qc7
29. Rfe1 Re8 30. Ne4 Rb8 31. Rec1 Rxb3 32. Bxf5 Rxf5 33. Ncd6 Qd7 34. Nxf5 Qxf5
35. Rab1 Ra3 36. Ra1 Rb3 37. Rcb1 Rc3 38. Nxc3 dxc3 39. Ra5 Qd7 40. Rc5 Bb7 41.
Rxc3 e4 42. Rcb3 exd3 43. Qxd3 Qxd3 44. Rxd3 Be4 45. Rb8+ Kh7 46. Rd7 g4 47. Re7
Bd5 48. Rd8 1-0

[Event "Druzynowe Mistrzostwa Polski - II liga"]
[Site "Sypniewo k. Jastrowia"]
[Date "1899-12-30"]
[Round "7.47"]
[White "Kowalczyk, Wojciech"]
[Black "Stelmaszuk, Maciej"]
[Result "0-1"]
[WhiteTitle "I"]
[BlackTitle "I+"]
[WhiteElo "1893"]
[BlackElo "2004"]

1. e4 c5 2. Nc3 g6 3. d4 cxd4 4. Qxd4 Nf6 5. Be3 Nc6 6. Qd2 Bg7 7. f3 O-O 8. O-O-O
d6 9. Nge2 Bd7 10. Kb1 Rc8 11. g4 Be6 12. Nf4 Ne5 13. Nxe6 fxe6 14. Be2 Nfd7 15.
Rhf1 Nb6 16. Bd4 Nec4 17. Bxc4 Nxc4 18. Qc1 Bxd4 19. Rxd4 Qb6 20. Rdd1 Qc5 21.
Rd3 Ne5 22. f4 Nxd3 23. cxd3 b5 24. Qd2 Rb8 25. Ne2 b4 26. f5 b3 27. axb3 Rxb3
28. Rc1 Qe5 29. fxg6 hxg6 30. h4 Rf2 31. Ka2 Rb8 32. Rc2 Rb6 33. Kb1 Rf1+ 34.
Nc1 Rb8 35. h5 g5 36. d4 Qf4 37. Qc3 Qxe4 38. b3 Rf3 39. Qc7 Qb7 40. Qc4 Rxb3+
41. Nxb3 Qxb3+ 42. Qxb3 Rxb3+ 43. Kc1 Rg3 44. Rc7 Kf7 45. Rxa7 Rxg4 46. Ra5 d5
0-1

[Event "Druzynowe Mistrzostwa Polski - II liga"]
[Site "Sypniewo k. Jastrowia"]
[Date "1899-12-30"]
[Round "7.48"]
[White "Zdziarska-zareba, Lidia"]
[Black "Smietanska, Wiktoria"]
[Result "0-1"]
[WhiteTitle "k+"]
[BlackTitle "CM"]
[WhiteElo "1848"]
[BlackElo "1726"]

1. d4 Nf6 2. Bg5 c5 3. d5 Qb6 4. Nc3 d6 5. Nf3 h6 6. Bxf6 gxf6 7. Rb1 f5 8. e3
Bg7 9. Qd2 O-O 10. Bd3 e5 11. dxe6 fxe6 12. O-O d5 13. Nh4 Nd7 14. Ng6 Rf7 15.
Nf4 Nf6 16. Rfd1 Ne4 17. Nxe4 fxe4 18. Be2 Bd7 19. Bh5 Rf6 20. c4 d4 21. exd4
cxd4 22. Qxd4 Qxd4 23. Rxd4 Bc6 24. Ne2 Rf5 25. g4 Rc5 26. Rd2 Rxc4 27. Nf4 Be5
28. Ng6 Bf6 29. Rbd1 e5 30. b3 Rd4 31. Rxd4 exd4 32. Nf4 d3 33. Bg6 Kg7 34. Bf5
Bc3 35. Ng2 Rd8 36. Ne3 Kf6 37. Kg2 Ke5 38. Kg3 Bd4 39. Nc4+ Kf6 40. h4 b5 41.
Nd2 Be5+ 42. Kh3 Rd4 43. Rc1 Bb7 44. Rc5 Bf4 45. Rxb5 Bxd2 46. Rxb7 Bf4 47. Rb5
d2 48. g5+ hxg5 49. hxg5+ Bxg5 50. Bg4 d1=Q 51. Bxd1 Rxd1 52. a4 Rd2 53. Kg3 Rd3+
54. Kg2 Rf3 55. Rb8 Ke5 56. Re8+ Kd4 57. b4 Bh4 58. b5 Rxf2+ 59. Kg1 Ra2 60. Rh8
Bf6 61. Rh6 Ke5 62. Rh5+ Ke6 63. Kf1 Rxa4 64. Ke2 Ra3 65. Rc5 Bd4 66. Rc8 Ra2+
67. Kf1 Bb6 68. Re8+ Kd5 69. Re7 Kd4 70. Rd7+ Ke3 71. Rd1 Rf2+ 72. Kg1 Ke2 0-1

[Event "Druzynowe Mistrzostwa Polski - II liga"]
[Site "Sypniewo k. Jastrowia"]
[Date "1899-12-30"]
[Round "7.49"]
[White "Mickiewicz, Piotr"]
[Black "Karpus, Michal"]
[Result "1-0"]
[WhiteTitle "m"]
[BlackTitle "FM"]
[WhiteElo "2308"]
[BlackElo "2179"]

1. e4 e5 2. Nf3 Nc6 3. Bb5 a6 4. Ba4 Nf6 5. O-O Be7 6. Re1 b5 7. Bb3 d6 8. c3 O-O
9. h3 Na5 10. Bc2 c5 11. d4 Nd7 12. d5 Nb6 13. b4 Nb7 14. a4 bxa4 15. Bxa4 Nxa4
16. Qxa4 Bd7 17. Qb3 cxb4 18. cxb4 a5 19. Be3 axb4 20. Nbd2 Qc7 21. Qxb4 Nc5 22.
Bxc5 dxc5 23. Qc3 f6 24. Nc4 Kh8 25. Red1 Qb7 26. Rdb1 Qc7 27. Rb6 Qc8 28. Nfd2
Rxa1+ 29. Qxa1 f5 30. Qa7 Bf6 31. Rb7 Be8 32. Rb8 1-0

[Event "Druzynowe Mistrzostwa Polski - II liga"]
[Site "Sypniewo k. Jastrowia"]
[Date "1899-12-30"]
[Round "7.50"]
[White "Kukula, Pawel"]
[Black "Mazurkiewicz, Michal"]
[Result "0-1"]
[WhiteTitle "m"]
[BlackTitle "CM"]
[WhiteElo "2121"]
[BlackElo "2193"]

1. d4 Nf6 2. c4 g6 3. Nc3 Bg7 4. e4 d6 5. Nge2 O-O 6. Ng3 a6 7. Be2 c6 8. a4 e5
9. d5 a5 10. h4 h5 11. Bg5 Qb6 12. Qd2 Re8 13. Bxf6 Bxf6 14. Bxh5 gxh5 15. Nxh5
Bh8 16. O-O-O Kh7 17. f3 Rg8 18. g4 Nd7 19. dxc6 bxc6 20. Qxd6 Rb8 21. Rh2 Qe3+
22. Rdd2 Qc5 23. Qxc5 Nxc5 24. Rd6 Nb3+ 25. Kb1 Nd4 26. Rf2 Be6 27. c5 Rb3 28.
g5 Rgb8 29. Kc1 Kg6 30. Ng3 Bg7 31. Nf5 Bf8 32. Rxd4 exd4 33. Nxd4 Bxc5 34. Nxb3
Bxf2 35. Nxa5 Rb6 36. Kc2 Bg3 37. Ne2 Bc7 38. f4 Bg4 39. f5+ Kh5 40. Nc3 Kxh4
41. g6 fxg6 42. fxg6 Be6 43. b4 Rxb4 44. Nxc6 Rc4 45. Na7 Be5 46. Nb5 Bd7 0-1

[Event "Druzynowe Mistrzostwa Polski - II liga"]
[Site "Sypniewo k. Jastrowia"]
[Date "1899-12-30"]
[Round "7.51"]
[White "Maciaga, Marcin"]
[Black "Pacuszka, Tomasz"]
[Result "1/2-1/2"]
[WhiteTitle "k+"]
[BlackTitle "FM"]
[WhiteElo "2116"]
[BlackElo "2186"]

1. g3 d5 2. d4 Nf6 3. c4 e6 4. Bg2 c6 5. Nf3 dxc4 6. O-O b5 7. b3 cxb3 8. axb3
Bb7 9. Ne5 Qb6 10. e4 c5 11. d5 exd5 12. exd5 Bd6 13. Ng4 Nbd7 14. Re1+ Kf8 15.
Bb2 h5 16. Nxf6 gxf6 17. Nd2 Kg7 18. Nf3 Bc8 19. Qd2 Kf8 20. Re4 Ne5 21. Nxe5
Bxe5 22. Bxe5 fxe5 23. Rxe5 Qd6 24. Rae1 Bd7 25. Qe2 a5 26. Rxh5 Rxh5 27. Qxh5
Qf6 28. d6 Ra6 29. Qxc5 Qxd6 30. Qc3 Qf6 31. Qc7 Qd6 32. Qd8+ Kg7 33. Qg5+ Qg6
34. Qd2 Qd6 35. Bd5 a4 36. bxa4 bxa4 37. Qg5+ Qg6 38. Qxg6+ Kxg6 39. Bc4 Ra8 40.
Re7 Be8 41. Bd5 Kf6 42. Re3 Rd8 43. Bf3 Bb5 44. Rc3 Rd3 45. Rc5 Bd7 46. Be4 Rd4
47. Bc2 Rd2 48. h4 a3 49. Bb3 Rb2 50. Rc3 Be8 51. Bxf7 Bxf7 52. Rxa3 Bd5 53. f3
1/2-1/2

[Event "Druzynowe Mistrzostwa Polski - II liga"]
[Site "Sypniewo k. Jastrowia"]
[Date "1899-12-30"]
[Round "7.52"]
[White "Krainski, Slawomir"]
[Black "Krasiewicz, Robert"]
[Result "1-0"]
[WhiteTitle "k"]
[BlackTitle "k+"]
[WhiteElo "2082"]
[BlackElo "2050"]

1. e4 g6 2. d4 Bg7 3. Nc3 d6 4. f4 a6 5. a4 Nc6 6. Be3 Nf6 7. Nf3 O-O 8. Be2 d5
9. e5 Ng4 10. Bd2 Nh6 11. Be3 Ng4 12. Bd2 h5 13. O-O Bf5 14. h3 Nh6 15. Be3 Qd7
16. Kh2 Nb4 17. Rc1 b6 18. Nh4 Rfc8 19. Bf3 Be6 20. a5 Rab8 21. axb6 cxb6 22.
Ne2 b5 23. Qd2 Nc6 24. f5 Nxf5 25. Nxf5 Bxf5 26. Ng3 e6 27. Bxh5 gxh5 28. Rxf5
exf5 29. Bh6 Bxh6 30. Qxh6 Qe6 31. Qf4 Ne7 32. Nxh5 Qg6 33. Nf6+ Kg7 34. g4 fxg4
35. Rg1 Rxc2+ 36. Kh1 Rbc8 37. Rxg4 Rc1+ 38. Kg2 R8c2+ 39. Kg3 Rg1+ 40. Kh4 Rxg4+
41. hxg4 Qh6+ 42. Nh5+ Kh7 43. Qxf7+ Kh8 44. Qxe7 Rf2 45. Qd8+ Qf8 46. Qxd5 Rxb2
47. Qe4 Rh2+ 48. Kg5 Qg8+ 49. Kf4 Qf8+ 50. Nf6 b4 51. Kg3 Rh6 52. g5 Rxf6 53.
exf6 Qb8+ 54. Qe5 Qxe5+ 55. dxe5 Kh7 56. e6 Kg6 57. e7 1-0

[Event "Druzynowe Mistrzostwa Polski - II liga"]
[Site "Sypniewo k. Jastrowia"]
[Date "1899-12-30"]
[Round "7.53"]
[White "Bugajski, Robert"]
[Black "Krainski, Aleksander"]
[Result "1/2-1/2"]
[WhiteTitle "FM"]
[BlackTitle "FM"]
[WhiteElo "2047"]
[BlackElo "2037"]

1. Nf3 d5 2. g3 Nf6 3. Bg2 e6 4. O-O Be7 5. d4 O-O 6. c4 c6 7. Nc3 b6 8. Bf4 Ba6
9. cxd5 cxd5 10. Rc1 b5 11. Bxb8 Rxb8 12. Ne5 Rc8 13. Re1 Qa5 14. Qb3 Rc7 15.
a3 Rfc8 16. Nd3 Rc4 17. e3 b4 18. axb4 Bxb4 19. Ra1 Qb6 20. Nxb4 Rxb4 21. Qa3
Bc4 22. Na4 Qb8 23. Nc5 1/2-1/2

[Event "Druzynowe Mistrzostwa Polski - II liga"]
[Site "Sypniewo k. Jastrowia"]
[Date "1899-12-30"]
[Round "7.54"]
[White "Cieslak, Wiktoria"]
[Black "Andrzejewska, Anna"]
[Result "1/2-1/2"]
[WhiteTitle "k++"]
[BlackTitle "WCM"]
[WhiteElo "1915"]
[BlackElo "1933"]

1. e4 e5 2. Nf3 Nc6 3. Bc4 Bc5 4. c3 Nf6 5. d4 exd4 6. cxd4 Bb4+ 7. Nbd2 Bxd2+
8. Bxd2 Nxe4 9. d5 Ne7 10. Bb4 d6 11. O-O O-O 12. Re1 Nc5 13. Bc3 a5 14. Ng5 h6
15. Ne4 Nxe4 16. Rxe4 f5 17. Qd4 Rf7 18. Re3 f4 19. Rf3 Ng6 20. Re1 Bg4 21. Rd3
Ne5 22. Rxe5 dxe5 23. Qxe5 Qd6 24. h3 Bd7 25. Rf3 b5 26. Bb3 a4 27. Bc2 Raf8 28.
Qxd6 cxd6 29. Bb4 Rc8 30. Bd3 Rf6 31. Bc3 Rff8 32. Bb4 Rf6 33. Bc3 Rf7 34. Bb4
Rf6 1/2-1/2

[Event "Druzynowe Mistrzostwa Polski - II liga"]
[Site "Sypniewo k. Jastrowia"]
[Date "1899-12-30"]
[Round "7.55"]
[White "Szewczyk, Mariusz"]
[Black "Dixa, Oskar"]
[Result "0-1"]
[WhiteTitle "k"]
[BlackTitle "k"]
[WhiteElo "2119"]
[BlackElo "1988"]

1. e4 c5 2. Nf3 e6 3. d4 cxd4 4. Nxd4 Nf6 5. Bd3 Nc6 6. Nxc6 bxc6 7. O-O d5 8.
e5 Nd7 9. f4 g6 10. Nd2 Qb6+ 11. Kh1 Nc5 12. Nb3 Nxd3 13. cxd3 a5 14. Qc2 a4 15.
Nd4 c5 16. Nf3 Bd7 17. Be3 Be7 18. Bf2 Rc8 19. Bh4 Bxh4 20. Nxh4 c4 21. dxc4 Rxc4
22. Qd2 O-O 23. Nf3 Qb4 24. Qf2 Rxf4 25. a3 Qe4 26. Qb6 d4 27. Rad1 d3 28. Rfe1
Qf5 29. Nd4 Qg5 30. Nf3 Qf5 31. Qe3 Bc6 32. Qxd3 Rxf3 33. gxf3 Bxf3+ 34. Kg1 Qg4+
35. Kf2 Bxd1 36. Qxd1 Qf4+ 37. Kg1 Rb8 38. Re2 Kg7 39. Rf2 Qg5+ 40. Kh1 Qxe5 41.
Qxa4 Rxb2 42. Rxb2 Qxb2 43. Qa7 e5 44. a4 e4 45. a5 e3 46. Qxe3 Qa1+ 47. Qg1 Qxa5
48. Qd4+ Kg8 49. Qd6 Qa1+ 50. Kg2 Kg7 51. Qc7 Qd4 52. Qe7 h5 53. h4 Qf6 54. Qb4
Kh7 55. Kh2 Qe5+ 56. Kh1 Qf5 57. Qe7 Kg7 58. Qd8 Qf6 0-1

[Event "Druzynowe Mistrzostwa Polski - II liga"]
[Site "Sypniewo k. Jastrowia"]
[Date "1899-12-30"]
[Round "7.56"]
[White "Janiszewski, Filip"]
[Black "Kowalec, Maciej"]
[Result "1/2-1/2"]
[WhiteTitle "I++"]
[BlackTitle "k"]
[WhiteElo "1983"]
[BlackElo "2070"]

1. e4 c5 2. Nf3 d6 3. d4 cxd4 4. Nxd4 Nf6 5. f3 e5 6. Nb3 d5 7. Bg5 Be6 8. Bxf6
gxf6 9. exd5 Qxd5 10. Qxd5 Bxd5 11. Nc3 Be6 12. O-O-O Nc6 13. Nd5 Bxd5 14. Rxd5
Rd8 15. Rxd8+ Kxd8 16. Bc4 Ke7 17. Rd1 h5 18. Nc5 Bh6+ 19. Kb1 Rd8 20. Rxd8 Nxd8
21. b4 Be3 22. Bd5 b6 23. Nd3 Kd6 24. Be4 h4 25. g3 hxg3 26. hxg3 Ne6 27. g4 Nd4
28. c3 Ne2 29. Kc2 Ng3 30. Bh7 Ke6 31. b5 f5 32. gxf5+ Nxf5 33. Nb4 1/2-1/2

[Event "Druzynowe Mistrzostwa Polski - II liga"]
[Site "Sypniewo k. Jastrowia"]
[Date "1899-12-30"]
[Round "7.57"]
[White "Litner, Igor"]
[Black "Adamczewski, Jedrzej"]
[Result "1/2-1/2"]
[WhiteTitle "I++"]
[BlackTitle "I++"]
[WhiteElo "1983"]
[BlackElo "1941"]

1. g3 g6 2. Nf3 Nf6 3. Bg2 Bg7 4. O-O O-O 5. c4 d6 6. Nc3 Nbd7 7. d4 e5 8. e3 Re8
9. b3 a5 10. Bb2 c6 11. Qc2 Qc7 12. Rad1 Nb6 13. Ba3 e4 14. Nd2 a4 15. bxa4 Bf5
16. Rb1 Ra6 17. c5 dxc5 18. dxc5 Nbd5 19. Nxd5 Nxd5 20. Bb2 Nb4 21. Qc4 Bxb2 22.
Qxb4 Bg7 23. Bxe4 Bc3 24. Qxc3 Bxe4 25. Rb4 Bd5 26. e4 Bxa2 27. Qb2 Qa5 28. Rxb7
Be6 29. Qb4 Qxa4 30. Qxa4 Rxa4 31. Rc1 Ra2 32. Nf1 Bh3 33. Rc7 Rea8 34. Rb7 Re2
35. Rbb1 Raa2 36. Ra1 Rxf2 37. Rxa2 Rxa2 38. Ne3 Re2 39. Rc3 Kg7 40. e5 Kf8 41.
Nc4 Rg2+ 42. Kh1 Ra2 43. Rc1 Be6 44. Nb6 Re2 45. h4 h5 46. Kg1 Rxe5 47. Kf2 Bg4
48. Rc3 Kg7 49. Kg2 Re2+ 50. Kf1 Ra2 51. Ke1 Kf6 52. Nc4 Ke6 53. Nd6 Re2+ 54.
Kf1 Re5 55. Kf2 Kd5 56. Rc4 Rf5+ 57. Kg2 Rf6 58. Rc3 Kd4 59. Rc4+ Kd3 60. Ra4
Bf3+ 61. Kh2 Bd5 62. g4 Rf2+ 63. Kh3 Be6 64. Kg3 Ra2 65. Rxa2 Bxa2 66. gxh5 gxh5
67. Kf4 Kd4 68. Nb7 Bb1 69. Kg5 Bg6 70. Kf6 Kd5 71. Kg5 Kd4 72. Kf6 Bd3 73. Kxf7
Ba6 74. Nd8 Kxc5 75. Ne6+ Kb4 76. Nf4 c5 77. Nxh5 c4 78. Nf4 Kb3 79. h5 c3 80.
h6 c2 81. h7 c1=Q 82. h8=Q Qxf4+ 83. Qf6 Bc4+ 84. Kg7 Qg4+ 85. Qg6 Qd7+ 86. Kf6
Bd3 87. Qf7+ 1/2-1/2

[Event "Druzynowe Mistrzostwa Polski - II liga"]
[Site "Sypniewo k. Jastrowia"]
[Date "1899-12-30"]
[Round "7.58"]
[White "Geraschenko, Dmitry"]
[Black "Rzeszowski, Dominik"]
[Result "1/2-1/2"]
[WhiteTitle "II+"]
[BlackTitle "I++"]
[WhiteElo "1851"]
[BlackElo "1863"]

1. e4 e5 2. Nc3 Nc6 3. Bc4 Nf6 4. d3 Bb4 5. Ne2 d5 6. exd5 Nxd5 7. O-O Nb6 8. Bb3
O-O 9. f4 Bg4 10. h3 Bc5+ 11. Kh2 Qh4 12. Qe1 Qxe1 13. Rxe1 Bxe2 14. Rxe2 Bd6
15. Nb5 Nd4 16. Nxd4 exd4 17. Bd2 Rae8 18. Rae1 Rxe2 19. Rxe2 Nd7 20. g3 Nc5 21.
Bd5 c6 22. Bh1 f6 23. b4 Na6 24. b5 cxb5 25. Bxb7 Nb4 26. Re6 Bc5 27. a3 Nxc2
28. Bd5 Kh8 29. Rc6 Bxa3 30. Rxc2 g6 31. Rc7 Re8 32. Rxa7 Re2+ 33. Kg1 b4 34.
Bxb4 Bxb4 35. Rf7 Re3 36. Kg2 Rxd3 37. Rxf6 Re3 38. Re6 Rc3 39. Rc6 Bc5 40. Be4
Bb4 41. Kh2 1/2-1/2

[Event "Druzynowe Mistrzostwa Polski - II liga"]
[Site "Sypniewo k. Jastrowia"]
[Date "1899-12-30"]
[Round "7.59"]
[White "Powalka, Michal"]
[Black "Grzegorski, Michal"]
[Result "1-0"]
[WhiteTitle "I++"]
[BlackTitle "I"]
[WhiteElo "1970"]
[BlackElo "1752"]

1. e4 c5 2. Nf3 d6 3. d4 cxd4 4. Nxd4 Nf6 5. Nc3 a6 6. Bg5 Nbd7 7. f4 Qc7 8. Qf3
h6 9. Bxf6 Nxf6 10. f5 Qc5 11. O-O-O g5 12. h4 g4 13. Qd3 Bg7 14. Be2 b5 15. Rhe1
Bb7 16. Kb1 Rc8 17. Nb3 Qe5 18. Qd4 Qxd4 19. Nxd4 Rxc3 20. bxc3 Nxe4 21. Kb2 Kd7
22. Bxg4 Bf6 23. Bf3 d5 24. Bxe4 dxe4 25. Ne6+ Kc8 26. Nc5 b4 27. Nxe4 bxc3+ 28.
Kb3 Bxh4 29. g3 Bxe4 30. gxh4 Bxf5 31. Rxe7 Be6+ 32. Kxc3 Rg8 33. a3 Rg4 34. Rd4
Rg3+ 35. Kb4 a5+ 36. Ka4 Rc3 37. Kxa5 Rxc2 38. Kb6 Rb2+ 39. Rb4 Ra2 40. a4 Kd8
41. Ra7 Ra1 42. a5 Rd1 43. Ra8+ Ke7 44. Rh8 Rd6+ 45. Kb7 Bd5+ 46. Ka7 Rd7+ 47.
Kb6 Rd6+ 48. Kc5 Bf3 49. Re8+ 1-0

[Event "Druzynowe Mistrzostwa Polski - II liga"]
[Site "Sypniewo k. Jastrowia"]
[Date "1899-12-30"]
[Round "7.60"]
[White "Barwinska, Ewa"]
[Black "Bebnik, Malgorzata"]
[Result "1/2-1/2"]
[WhiteTitle "I++"]
[BlackTitle "I++"]
[WhiteElo "1826"]
[BlackElo "1756"]

1. e4 c6 2. d4 d5 3. Nc3 dxe4 4. Nxe4 Nf6 5. Nxf6+ exf6 6. c3 Bd6 7. Bd3 O-O 8.
Qc2 Re8+ 9. Ne2 g6 10. O-O Qc7 11. Ng3 Be6 12. f4 f5 13. c4 Nd7 14. Bd2 Rad8 15.
b4 Bf8 16. a4 Bg7 17. Ne2 Nf6 18. Bc3 Ne4 19. Bb2 Qb6 20. b5 Nc5 21. Bc3 Nxd3
22. Qxd3 c5 23. a5 Qc7 24. d5 Bxd5 25. cxd5 c4 26. Qc2 Rxe2 27. Qxe2 Bxc3 28.
Rac1 1/2-1/2

[Event "Druzynowe Mistrzostwa Polski - II liga"]
[Site "Sypniewo k. Jastrowia"]
[Date "1899-12-30"]
[Round "7.61"]
[White "Rudolf, Michal"]
[Black "Balinski, Damian"]
[Result "1-0"]
[WhiteTitle "FM"]
[BlackTitle "k"]
[WhiteElo "2356"]
[BlackElo "2193"]

1. e4 d6 2. d4 Nf6 3. Nc3 Nbd7 4. Nf3 e5 5. Bc4 Be7 6. O-O c6 7. a4 Qc7 8. Re1
h6 9. b3 O-O 10. h3 b6 11. Ba3 Re8 12. d5 a6 13. dxc6 Qxc6 14. Nd5 Bf8 15. Qd3
Bb7 16. Rad1 Qc8 17. Bxd6 Bxd5 18. Bxd5 Nxd5 19. Qxd5 Nf6 20. Qc4 Qxc4 21. bxc4
Rac8 22. c5 Re6 23. Bxf8 Kxf8 24. cxb6 Rxb6 25. Nxe5 Rxc2 26. Rd8+ Ke7 27. Ra8
Ke6 28. a5 Rb4 29. Nd3 Rxe4 30. Rxa6+ Ke7 31. Rxf6 Rxe1+ 32. Nxe1 Rc1 33. Rb6
Rxe1+ 34. Kh2 Ra1 35. a6 Ra3 36. f3 h5 37. h4 g6 38. Rb7+ Kf6 39. a7 Ke6 40. Kg3
Ra4 41. Kf2 Ra3 42. Ke2 f6 43. Kd2 Kf5 44. Kc2 Kf4 45. Kb2 Ra6 46. Rg7 g5 47.
Kc3 gxh4 48. Kc4 h3 49. gxh3 Kxf3 50. Kb5 Ra1 51. Kb6 f5 52. h4 Ke4 53. Re7+ Kf3
54. Re5 Rxa7 55. Kxa7 Kg4 56. Kb6 f4 57. Kc5 f3 58. Re8 f2 59. Rf8 Kg3 60. Kd4
Kg2 61. Ke3 f1=R 62. Rxf1 Kxf1 63. Kf4 Ke2 64. Kg5 Ke3 65. Kxh5 Ke4 66. Kg6 Kd5
1-0

[Event "Druzynowe Mistrzostwa Polski - II liga"]
[Site "Sypniewo k. Jastrowia"]
[Date "1899-12-30"]
[Round "7.62"]
[White "Kossobudzki, Robert"]
[Black "Markowski, Damian"]
[Result "0-1"]
[WhiteTitle "I"]
[BlackTitle "FM"]
[WhiteElo "2052"]
[BlackElo "2202"]

1. Nf3 g6 2. b4 Bg7 3. d4 Nf6 4. g3 O-O 5. Bg2 d6 6. O-O c6 7. Nc3 Nbd7 8. Rb1
Nd5 9. Qd3 N7f6 10. Nd2 a5 11. a3 axb4 12. axb4 e5 13. Nxd5 cxd5 14. dxe5 dxe5
15. e4 Be6 16. Qb5 d4 17. Nc4 Nd7 18. Na5 Qc7 19. f4 Nb6 20. f5 Bd7 21. Qd3 f6
22. Bd2 Rfc8 23. Rfc1 Na4 24. c4 dxc3 25. Be3 b6 26. Nc4 Qxc4 27. Qxd7 Rd8 28.
Qe6+ Qxe6 29. fxe6 Rd3 30. Kf2 Rxe3 31. Kxe3 Bh6+ 32. Kd3 Bxc1 33. Rxc1 b5 34.
Bf1 Kf8 35. Kc2 Nb2 36. Kxc3 Nc4 37. Bxc4 bxc4 38. Rd1 Ke7 39. Kxc4 Rc8+ 40. Kb3
Kxe6 41. b5 h5 42. h4 f5 43. exf5+ gxf5 44. Kb4 e4 45. b6 Ke5 46. Kb5 e3 47. b7
Rb8 48. Kc6 Ke4 49. Kc7 e2 50. Ra1 Rh8 51. Kd6 Rb8 52. Kc7 Rh8 53. Kd6 Kf3 54.
Ke5 Rb8 55. Kxf5 Rxb7 56. Kg6 Rb5 57. Rc1 Kf2 58. g4 hxg4 59. h5 e1=Q 0-1

[Event "Druzynowe Mistrzostwa Polski - II liga"]
[Site "Sypniewo k. Jastrowia"]
[Date "1899-12-30"]
[Round "7.63"]
[White "Chalupnik, Marcin"]
[Black "Grzesik, Norbert"]
[Result "1/2-1/2"]
[WhiteTitle "k++"]
[BlackTitle "I++"]
[WhiteElo "2174"]
[BlackElo "1945"]

1. e4 c5 2. Nf3 Nc6 3. d4 cxd4 4. Nxd4 e5 5. Nb5 d6 6. c4 Be7 7. N1c3 a6 8. Na3
Be6 9. Bd3 Bg5 10. O-O Bxc1 11. Rxc1 Nge7 12. Nc2 O-O 13. Ne3 Ng6 14. Ncd5 Nd4
15. Nf5 Bxd5 16. Nxd4 Bc6 17. Nf5 Qg5 18. g3 Rad8 19. h4 Qf6 20. a4 Rfe8 21. b4
Nf8 22. b5 Bd7 23. Ne3 Ne6 24. Nd5 Qg6 25. Kh2 Nd4 26. Rb1 Qe6 27. Ne3 Qh3+ 28.
Kg1 Re6 29. Qg4 Qxg4 30. Nxg4 Nf3+ 31. Kg2 Nd2 32. Rfd1 Nxb1 33. Rxb1 Ree8 34.
Ne3 axb5 35. axb5 Be6 36. Be2 g6 37. g4 Ra8 38. Rd1 Red8 39. h5 Kg7 40. hxg6 hxg6
41. Kg3 Kf6 42. Kf3 b6 43. Kg3 g5 44. Rh1 Rh8 45. Rd1 Ke7 46. Rd2 Ra1 47. Bf1
Rha8 48. Kf3 R8a3 49. Be2 Rg1 50. Rd3 Rxd3 51. Bxd3 Kd8 52. Be2 Ke7 53. Bd3 Kf6
54. Be2 Kg6 55. Bd3 Kh6 56. Be2 Kh7 57. Bd3 Kh8 58. Be2 Kg7 59. Bd3 Kh7 60. Be2
Kh6 61. Bd3 Ra1 62. Ke2 Rh1 63. f3 Rh2+ 64. Ke1 Kh7 65. Be2 Kg7 66. Kd2 Kf6 67.
Kd3 Ke7 68. Bf1 Ra2 69. Be2 Kd7 70. Bf1 Ra3+ 71. Kd2 Kd8 72. Be2 Kc8 73. Bf1 Kb7
74. Be2 Ra2+ 1/2-1/2

[Event "Druzynowe Mistrzostwa Polski - II liga"]
[Site "Sypniewo k. Jastrowia"]
[Date "1899-12-30"]
[Round "7.64"]
[White "Meller, Piotr"]
[Black "Warszawski, Bartosz"]
[Result "1/2-1/2"]
[WhiteTitle "I"]
[BlackTitle "m"]
[WhiteElo "2023"]
[BlackElo "2169"]

1. Nf3 e6 2. c4 d5 3. g3 Nf6 4. Bg2 Be7 5. d4 O-O 6. O-O c5 7. cxd5 exd5 8. Nc3
Nc6 9. Be3 c4 10. Ne5 Qa5 11. Qd2 Rd8 12. Nxc6 bxc6 13. Nxd5 Rxd5 14. Bxd5 Qxd5
15. f3 c5 16. Rfd1 Be6 17. dxc5 Bxc5 18. Bxc5 Qxc5+ 19. Qd4 Qxd4+ 20. Rxd4 Kf8
21. b3 cxb3 22. axb3 Bxb3 23. Rb4 Be6 24. Rba4 Rb8 25. Rxa7 Rb2 26. e4 g5 27.
g4 Nd7 28. R7a5 f6 29. Ra7 Ne5 30. R1a3 Bb3 31. Rxh7 Nxf3+ 32. Kh1 Kg8 33. Rh3
Rb1+ 34. Kg2 Nh4+ 35. Kf2 Rb2+ 36. Ke3 Be6 37. Rg3 Rxh2 38. Ra6 Kf7 39. Ra7+ Kg6
40. Ra6 Kf7 41. Ra7+ Ke8 42. Ra6 Ke7 43. Ra7+ Bd7 44. e5 f5 45. Rg1 f4+ 46. Ke4
Re2+ 47. Kd5 Nf3 48. Rh1 Rxe5+ 49. Kc4 Re4+ 50. Kc5 Re5+ 51. Kc4 Re4+ 52. Kc5
Re5+ 1/2-1/2